Pengantar statistik. (Record no. 69904)

MARC details
000 -LEADER
fixed length control field 00533cam a22002171 4500
001 - CONTROL NUMBER
control field sa 66005347
003 - CONTROL NUMBER IDENTIFIER
control field DLC
005 - DATE AND TIME OF LATEST TRANSACTION
control field 20260227112248.0
008 - FIXED-LENGTH DATA ELEMENTS--GENERAL INFORMATION
fixed length control field 890917s1964 io 000 0 ind
010 ## - LIBRARY OF CONGRESS CONTROL NUMBER
LC control number sa 66005347
035 ## - SYSTEM CONTROL NUMBER
System control number (OCoLC)23545839
040 ## - CATALOGING SOURCE
Original cataloging agency DLC
Transcribing agency MiU
Modifying agency DLC
042 ## - AUTHENTICATION CODE
Authentication code premarc
050 00 - LIBRARY OF CONGRESS CALL NUMBER
Classification number HA29
Item number .P33
100 1# - MAIN ENTRY--PERSONAL NAME
Personal name Pasaribu, Amudi.
245 10 - TITLE STATEMENT
Title Pengantar statistik.
260 ## - PUBLICATION, DISTRIBUTION, ETC.
Place of publication, distribution, etc. [Medan]
Date of publication, distribution, etc. 1964.
300 ## - PHYSICAL DESCRIPTION
Extent 2 v.
Other physical details illus.
Dimensions 28 cm.
504 ## - BIBLIOGRAPHY, ETC. NOTE
Bibliography, etc. note Bibliography: v. 2. p. 187-188.
650 #0 - SUBJECT ADDED ENTRY--TOPICAL TERM
Topical term or geographic name entry element Statistics

No items available.

Powered by Koha